|
|
|
|
| LEADER |
00932nam a22002532a 4500 |
| 001 |
000343407 |
| 003 |
CZ BrMZK |
| 005 |
20171123081206.0 |
| 007 |
ta |
| 008 |
980107s1968 xr a f cze d |
| 015 |
|
|
|a cnb000449888
|
| 035 |
|
|
|a (OCoLC)42103807
|
| 040 |
|
|
|a BOA001
|b cze
|
| 100 |
1 |
|
|a Friedländrová, Běla,
|d 1900-1965
|7 jk01031946
|4 aut
|
| 245 |
1 |
0 |
|a Tělesná cvičení v šestinedělí /
|c Běla Friedländrová ; kresby Jana Tvrzníková
|
| 246 |
1 |
4 |
|a Tělocvik v šestinedělí
|
| 250 |
|
|
|a 4. vyd.
|
| 260 |
|
|
|a Praha :
|b Ústav zdravotní výchovy,
|c 1968
|
| 300 |
|
|
|a 1 slož. list :
|b il.
|
| 910 |
|
|
|a BOA001
|b PK-A-0011.640
|b X-0605.629
|
| 964 |
|
|
|a Šestinedělí - tělocvik - návody
|
| 990 |
|
|
|a BK
|
| 996 |
6 |
|
|b 2618925546
|c X-0605.629
|l MZK
|r Sklad / do 24 hodin
|n 0
|w 000343407
|u 000020
|a 1
|e BOA001
|j MZK50
|s P
|
| 996 |
7 |
|
|b 3119806686
|c PK-A-0011.640
|l MZK
|r Sklad / do 1 hodiny
|n 5
|w 000343407
|u 000010
|a 1
|e BOA001
|j MZK50
|s A
|